| Tag |
First Indicator |
Second Indicator |
Subfields |
| LEADER |
00000cam a22000001 4500 |
| 001 |
in00000307387 |
| 005 |
20151010151140.0 |
| 008 |
710222s1968 caua 00010 eng |
| 010 |
|
|
|a 68025413
|
| 035 |
|
|
|a (OCoLC)00313382
|
| 035 |
|
|
|9 ABH9269AM
|
| 040 |
|
|
|a DLC
|c DLC
|d TXA
|d UtOrBLW
|
| 049 |
|
|
|a TXAM
|c 1 [1133354], 2 [1112598]
|
| 050 |
0 |
0 |
|a GV995
|b .E9 1968
|
| 082 |
0 |
|
|a 796.34/2
|
| 100 |
1 |
|
|a Everett, Peter William,
|d 1924-
|
| 245 |
1 |
0 |
|a Beginning tennis /
|c [by] Peter Everett [and] Virginia Dumas Skillman.
|
| 250 |
|
|
|a Rev. ed.
|
| 264 |
|
1 |
|a Belmont, Calif. :
|b Wadsworth Pub. Co.,
|c [1968]
|
| 264 |
|
4 |
|c [©1968]
|
| 300 |
|
|
|a 58 pages :
|b illustrations ;
|c 20 cm.
|
| 336 |
|
|
|a text
|b txt
|2 rdacontent
|
| 337 |
|
|
|a unmediated
|b n
|2 rdamedia
|
| 338 |
|
|
|a volume
|b nc
|2 rdacarrier
|
| 490 |
1 |
|
|a Wadsworth sports skills series
|
| 650 |
|
0 |
|a Tennis.
|
| 700 |
1 |
|
|a Skillman, Virginia Dumas.
|
| 830 |
|
0 |
|a Wadsworth sports skills series.
|
| 999 |
|
|
|a MARS
|
| 999 |
f |
f |
|s 5e193806-854b-3878-bc1a-4186b11e5168
|i 2ecc4519-2b8c-319b-978c-ca3b08ee6aaa
|t 0
|
| 952 |
f |
f |
|p normal
|a Texas A&M University
|b College Station
|c Sterling C. Evans Library
|d Evans: Library Stacks
|t 0
|e GV995 .E9 1968
|h Library of Congress classification
|i unmediated -- volume
|m A14802481445
|
| 952 |
f |
f |
|p normal
|a Texas A&M University
|b College Station
|c Sterling C. Evans Library
|d Evans: Library Stacks
|t 0
|e GV995 .E9 1968
|h Library of Congress classification
|i unmediated -- volume
|m A14802481437
|
| 998 |
f |
f |
|a GV995 .E9 1968
|t 0
|l Evans: Library Stacks
|
| 998 |
f |
f |
|a GV995 .E9 1968
|t 0
|l Evans: Library Stacks
|